000 00450nas a22001697a 4500
005 20251108173106.0
008 250721s9999 xx qr 000 0 ara d
082 1 4 _aم/610.5/صحه
245 1 0 _aالصحة : مجله صحيه علميه ثقافيه /
264 1 _aعمان :
_bوزارة الصحة،
310 _aQuarterly
650 1 7 _aالطب
650 1 7 _aدوريات
650 1 7 _aالصحة
942 _2ddc
_cPER
999 _c95866
_d95866